[Event "World Blitz Championship"]
[Site "Almaty KAZ"]
[Date "2022.12.29"]
[Round "5.30"]
[White "Bardiya Daneshvar"]
[Black "Vincent Keymer"]
[Result "1/2-1/2"]
[EventDate "2022.12.29"]
[WhiteElo "2500"]
[BlackElo "2696"]
[PlyCount "84"]

1. Nf3 d5 2. g3 Nf6 3. Bg2 c5 4. O-O e6 5. d4 cxd4 6. Nxd4 e5 7. Nb3 Be6 8. e4 dxe4 9. Qxd8+ Kxd8 10. Nc3 Nc6 11. Nxe4 Nxe4 12. Bxe4 Kc7 13. Be3 Be7 14. Nc5 Bh3 15. Rfd1 Rhd8 16. c3 g6 17. b4 Rxd1+ 18. Rxd1 Rd8 19. Rxd8 Nxd8 20. Nd3 f6 21. f4 Be6 22. fxe5 f5 23. Bg2 Bxa2 24. Nf4 Nc6 25. e6 Bf6 26. b5 Ne7 27. Nd3 Bxe6 28. Bxa7 b6 29. Nb4 Bc8 30. c4 Bd4+ 31. Kf1 Bc5 32. Nd3 Bd4 33. c5 bxc5 34. Nxc5 Kd6 35. Ne4+ Ke5 36. Bxd4+ Kxd4 37. Nd6 Kc5 38. Nf7 Kxb5 39. Ng5 h6 40. Nf7 h5 41. Kf2 Kc5 42. Ke3 Be6 1/2-1/2

[Event "World Blitz Championship"]
[Site "Almaty KAZ"]
[Date "2022.12.29"]
[Round "6.37"]
[White "Vincent Keymer"]
[Black "Arystan Isanzhulov"]
[Result "1-0"]
[EventDate "2022.12.29"]
[WhiteElo "2696"]
[BlackElo "2313"]
[PlyCount "96"]

1. Nf3 Nf6 2. c4 g6 3. Nc3 d6 4. d4 Bf5 5. Qb3 b6 6. g3 Nc6 7. Bg2 Bd7 8. Qc2 Bg7 9. O-O O-O 10. Rd1 Nb4 11. Qd2 c5 12. b3 Rb8 13. Bb2 Bf5 14. d5 Ne4 15. Nxe4 Bxb2 16. Qxb2 Bxe4 17. a3 Na6 18. Nd2 Bxg2 19. Kxg2 b5 20. Qc3 Qd7 21. h4 b4 22. axb4 cxb4 23. Qe3 Nc5 24. Ne4 Rfc8 25. Ra5 Rb7 26. Nxc5 dxc5 27. Rxc5 Rd8 28. Ra5 e6 29. Rda1 exd5 30. Rxd5 Qc6 31. Ra6 Qc8 32. Rxd8+ Qxd8 33. Rxa7 Rd7 34. Rxd7 Qxd7 35. Qd3 Qb7+ 36. Qd5 Qa6 37. e4 h5 38. Qb5 Qe6 39. Qd5 Qf6 40. e5 Qf5 41. Qd4 g5 42. hxg5 Qxg5 43. Qe4 h4 44. e6 fxe6 45. Qxe6+ Kf8 46. Qd6+ Kg8 47. Qd5+ Qxd5+ 48. cxd5 1-0

[Event "World Blitz Championship"]
[Site "Almaty KAZ"]
[Date "2022.12.29"]
[Round "7.14"]
[White "Dmitry Andreikin"]
[Black "Vincent Keymer"]
[Result "1/2-1/2"]
[EventDate "2022.12.29"]
[WhiteElo "2729"]
[BlackElo "2696"]
[PlyCount "222"]

1. Nf3 d5 2. g3 Bg4 3. Bg2 c6 4. h3 Bh5 5. c4 e6 6. Qb3 Qb6 7. Qc2 Nf6 8. O-O Nbd7 9. cxd5 cxd5 10. d3 Bc5 11. Nc3 Rc8 12. Qa4 Bxf3 13. Bxf3 O-O 14. Bg2 a6 15. Qd1 Bd4 16. Na4 Qd6 17. Bf4 Be5 18. Bxe5 Nxe5 19. Qd2 b5 20. Nc3 Rc7 21. Rfc1 Rfc8 22. Nd1 h6 23. Ne3 Nc6 24. Nc2 Qe5 25. Ne1 Qd6 26. Nf3 Ne5 27. Nd4 Nc6 28. Nf3 Nd7 29. Rc2 Nde5 30. Nxe5 Qxe5 31. e3 d4 32. Rac1 Ne7 33. exd4 Rxc2 34. Rxc2 Rxc2 35. Qxc2 Qxd4 36. Qc7 Nf5 37. Be4 Qxb2 38. g4 g6 39. gxf5 gxf5 40. Bc6 Qxa2 41. Be8 Qa1+ 42. Kh2 Qf6 43. Bc6 Qc3 44. Qd7 Qe5+ 45. Kg2 Kg7 46. Qb7 Qd4 47. Qxa6 Qxd3 48. Qxb5 Qd4 49. Bf3 Qf6 50. Qe2 Qg5+ 51. Kf1 Qc1+ 52. Qe1 Qc4+ 53. Kg2 Qd4 54. Qe3 Qf6 55. Be2 Qb2 56. Qg3+ Kh7 57. Bh5 Qf6 58. Bf3 Qd4 59. Qc7 Kg7 60. Bh5 Qf6 61. h4 Kg8 62. Kg3 Kg7 63. Kf3 Kg8 64. Qg3+ Kh7 65. Kg2 Kh8 66. Qf4 Kg7 67. Qg3+ Kh8 68. Qb8+ Kh7 69. Qc7 Kg7 70. Kf3 Kg8 71. Ke2 Qb2+ 72. Kf1 Qf6 73. Qc8+ Kg7 74. Qb7 Kg8 75. Qg2+ Kh7 76. Qg3 Kh8 77. Kg1 Kh7 78. Bf3 Qa1+ 79. Kh2 Qf6 80. Kh3 Kh8 81. Qc7 Kh7 82. Bh5 Kg7 83. f4 Kg8 84. Qc8+ Kh7 85. Qc7 Kg8 86. Qb8+ Kh7 87. Qb3 Kg8 88. Qg3+ Kh7 89. Qe3 Kg8 90. Bf3 Qd8 91. Qf2 Qf6 92. Qg3+ Kh7 93. Bh5 Kh8 94. Qe3 Kh7 95. Qf3 Kh8 96. Qg3 Kh7 97. Qe3 Qe7 98. Bf3 Qd7 99. h5 Qe7 100. Kg3 Qf6 101. Be2 Qg7+ 102. Kf2 Qf6 103. Bf3 Qh4+ 104. Ke2 Qd8 105. Kf2 Qh4+ 106. Kg2 Qd8 107. Be2 Qh4 108. Qg3 Qd8 109. Qe3 Qh4 110. Qg3 Qd8 111. Qe3 1/2-1/2

[Event "World Blitz Championship"]
[Site "Almaty KAZ"]
[Date "2022.12.29"]
[Round "8.15"]
[White "Vincent Keymer"]
[Black "Bassem Amin"]
[Result "1-0"]
[EventDate "2022.12.29"]
[WhiteElo "2696"]
[BlackElo "2682"]
[PlyCount "76"]

1. Nf3 Nf6 2. c4 g6 3. Nc3 Bg7 4. g3 O-O 5. Bg2 d6 6. d4 Nc6 7. d5 Na5 8. b3 c5 9. Bb2 a6 10. O-O Rb8 11. a4 Re8 12. h3 e5 13. dxe6 Bxe6 14. Ng5 Bf5 15. Ra2 h6 16. e4 Bd7 17. Nf3 Qb6 18. Nd2 Nc6 19. Re1 Nd4 20. Ra3 Bc6 21. Ne2 Ne6 22. Qa1 Nd7 23. Bxg7 Nxg7 24. Nf4 Ne5 25. Qc3 Re7 26. Raa1 Rbe8 27. Rad1 Qb4 28. Qxb4 cxb4 29. Nf1 g5 30. Nd5 Bxd5 31. Rxd5 Ne6 32. Ne3 Nc5 33. Nf5 Rc7 34. Nxd6 Re6 35. Re3 b6 36. Nf5 Kh7 37. Nd4 Rf6 38. Rxe5 1-0

[Event "World Blitz Championship"]
[Site "Almaty KAZ"]
[Date "2022.12.29"]
[Round "9.10"]
[White "Raunak Sadhwani"]
[Black "Vincent Keymer"]
[Result "1/2-1/2"]
[EventDate "2022.12.29"]
[WhiteElo "2627"]
[BlackElo "2696"]
[PlyCount "104"]

1. d4 Nf6 2. Bf4 e6 3. e3 d5 4. Nf3 Bd6 5. Ne5 O-O 6. Nd2 c5 7. c3 Qc7 8. Bd3 b6 9. h4 Ba6 10. Bxa6 Nxa6 11. h5 h6 12. Qf3 cxd4 13. exd4 Nc5 14. O-O Nce4 15. Rfe1 Nxd2 16. Bxd2 Ne4 17. Bf4 Rfe8 18. Re3 Rad8 19. Rae1 f6 20. Ng6 e5 21. Bh2 exd4 22. Bxd6 dxe3 23. Bxc7 exf2+ 24. Qxf2 Nxf2 25. Kxf2 Rxe1 26. Kxe1 Rd7 27. Bf4 Kf7 28. g4 d4 29. c4 Rd8 30. Kd2 f5 31. gxf5 Kf6 32. Be5+ Kxf5 33. Bxg7 Kg5 34. Kd3 Kxh5 35. Nf4+ Kg4 36. Ne6 Rd6 37. Nxd4 h5 38. Be5 Rd7 39. b4 h4 40. c5 bxc5 41. bxc5 Rd5 42. Bd6 h3 43. Kc4 Rh5 44. c6 h2 45. Bxh2 Rxh2 46. c7 Rh8 47. Nb5 Rc8 48. Kd5 a6 49. Kc6 axb5 50. Kb7 Rxc7+ 51. Kxc7 b4 52. Kb6 Kf5 1/2-1/2

[Event "World Blitz Championship"]
[Site "Almaty KAZ"]
[Date "2022.12.29"]
[Round "10.12"]
[White "Vincent Keymer"]
[Black "Evgeny Tomashevsky"]
[Result "1-0"]
[EventDate "2022.12.29"]
[WhiteElo "2696"]
[BlackElo "2694"]
[PlyCount "48"]

1. Nf3 d5 2. e3 Nf6 3. c4 e6 4. Nc3 Be7 5. b3 c5 6. Bb2 Nc6 7. cxd5 exd5 8. d4 O-O 9. Be2 Ne4 10. dxc5 Qa5 11. Rc1 Bf6 12. Nd4 Nxc5 13. Nxc6 bxc6 14. O-O Bf5 15. Qd2 Ne4 16. Nxe4 Qxd2 17. Nxd2 Bxb2 18. Rxc6 Rac8 19. Rd6 Rc2 20. Rxd5 g6 21. Bd1 Rc1 22. Bf3 Rc3 23. Nc4 Bc1 24. Rdd1 1-0

[Event "World Blitz Championship"]
[Site "Almaty KAZ"]
[Date "2022.12.29"]
[Round "11.7"]
[White "Vincent Keymer"]
[Black "Maxim Matlakov"]
[Result "0-1"]
[EventDate "2022.12.29"]
[WhiteElo "2696"]
[BlackElo "2662"]
[PlyCount "118"]

1. Nf3 d5 2. e3 Nf6 3. c4 c6 4. Nc3 Nbd7 5. d4 e6 6. Be2 Bd6 7. O-O O-O 8. a4 a5 9. Qc2 b6 10. e4 Nxe4 11. Nxe4 dxe4 12. Qxe4 Bb7 13. Rd1 Re8 14. Bg5 Qc7 15. Bd3 Nf8 16. Qg4 Kh8 17. Be3 f6 18. c5 bxc5 19. dxc5 Be7 20. Qh5 Kg8 21. Bc4 Ba6 22. Bxa6 g6 23. Qg4 Rxa6 24. Rd2 Raa8 25. Rad1 Rad8 26. Qc4 Rd5 27. Rxd5 cxd5 28. Qc3 Rb8 29. Nd4 Qxc5 30. Nc6 Qxc3 31. bxc3 Re8 32. Nxa5 Ra8 33. Nc6 Bd6 34. a5 Ra6 35. Bb6 Nd7 36. Rb1 Bc5 37. Bxc5 Rxc6 38. Bb4 Kf7 39. f3 e5 40. Kf2 Ke6 41. Ke3 Ra6 42. Kd3 Nb8 43. Ra1 Nc6 44. Ra4 f5 45. Ra1 g5 46. g3 h5 47. f4 gxf4 48. gxf4 e4+ 49. Ke3 d4+ 50. Ke2 Kd5 51. Rd1 Kc4 52. Rc1 Nxb4 53. cxb4+ Kxb4 54. Rb1+ Kxa5 55. Rg1 Kb4 56. Rg5 Ra2+ 57. Ke1 Kc3 58. Rxf5 e3 59. Rb5 0-1

[Event "World Blitz Championship"]
[Site "Almaty KAZ"]
[Date "2022.12.29"]
[Round "12.15"]
[White "Denis Kadric"]
[Black "Vincent Keymer"]
[Result "0-1"]
[EventDate "2022.12.29"]
[WhiteElo "2584"]
[BlackElo "2696"]
[PlyCount "94"]

1. d3 d5 2. Nd2 e5 3. Ngf3 Bd6 4. e4 c6 5. g3 Nf6 6. Bg2 O-O 7. O-O Re8 8. b3 a5 9. a3 Nbd7 10. Bb2 Nf8 11. Re1 Ng6 12. h3 d4 13. c3 c5 14. Nc4 h6 15. a4 Be6 16. Qd2 Bc7 17. cxd4 cxd4 18. Ba3 Qd7 19. Kh2 Reb8 20. Reb1 b5 21. axb5 Rxb5 22. Qc2 Rab8 23. Bc1 Qd8 24. Bd2 Nd7 25. Ra3 Nc5 26. Be1 Qe7 27. Bxa5 Nxd3 28. Bxc7 Qxc7 29. Qxd3 Bxc4 30. Qc2 Qc5 31. Ra4 Bxb3 32. Qxc5 Rxc5 33. Ra3 Rcb5 34. Bf1 R5b6 35. Nd2 Be6 36. Rxb6 Rxb6 37. Nc4 Rc6 38. Ra4 Kh7 39. h4 h5 40. Be2 Rc5 41. Kg2 Ne7 42. Kf1 Nc6 43. Nd2 Rc2 44. Nf3 f6 45. Bd3 Rb2 46. Ra6 Nb4 47. Rxe6 Nxd3 0-1

[Event "MrDodgy Invitational 3"]
[Site "chess24.com INT"]
[Date "2022.11.28"]
[Round "1.1"]
[White "Samuel Sevian"]
[Black "Vincent Keymer"]
[Result "0-1"]
[EventDate "2022.11.27"]
[WhiteElo "2687"]
[BlackElo "2698"]
[PlyCount "124"]

1. c4 Nf6 2. Nc3 e5 3. Nf3 Nc6 4. a3 d5 5. cxd5 Nxd5 6. Qc2 Nxc3 7. dxc3 Bd6 8. e4 O-O 9. Bc4 h6 10. h3 Qf6 11. Be3 Na5 12. Ba2 Be6 13. Bxe6 Qxe6 14. Nd2 Nc4 15. Nxc4 Qxc4 16. b3 Qc6 17. O-O Bc5 18. Bxc5 Qxc5 19. Rfd1 Rad8 20. Rd3 Qe7 21. Rd5 c6 22. Rdd1 Rxd1+ 23. Rxd1 Qxa3 24. Rd7 b5 25. b4 a5 26. bxa5 Qxa5 27. Qd2 Qa4 28. f3 Qc4 29. Kh2 Ra8 30. Re7 Qc5 31. Rc7 Rf8 32. Qd7 Qxc3 33. Rxc6 Qe3 34. Qf5 Qd4 35. Rc7 b4 36. Rb7 Qd6 37. h4 g6 38. Qg4 h5 39. Qg5 Rb8 40. Ra7 b3 41. Ra1 b2 42. Rb1 Rb5 43. Qe3 Qd4 44. Qxd4 exd4 45. Kg3 Kg7 46. Kf4 Kf6 47. e5+ Ke6 48. Ke4 Rb4 49. f4 f6 50. g3 fxe5 51. fxe5 Ke7 52. Kd3 Kd7 53. Kc2 Ke6 54. Kd2 Kxe5 55. Kd3 Kd5 56. Kc2 Kc4 57. Kd2 d3 58. Ke3 Kc3 59. g4 Kc2 60. Rf1 b1=Q 61. Rxb1 Rxb1 62. gxh5 gxh5 0-1

[Event "MrDodgy Invitational 3"]
[Site "chess24.com INT"]
[Date "2022.11.28"]
[Round "1.2"]
[White "Vincent Keymer"]
[Black "Samuel Sevian"]
[Result "1/2-1/2"]
[EventDate "2022.11.27"]
[WhiteElo "2698"]
[BlackElo "2687"]
[PlyCount "108"]

1. Nf3 g6 2. d4 Nf6 3. c4 Bg7 4. g3 O-O 5. Bg2 d6 6. Nc3 Nbd7 7. O-O e5 8. e4 exd4 9. Nxd4 Re8 10. h3 Nc5 11. Re1 Bd7 12. b3 h6 13. f3 Qc8 14. Kh2 Ne6 15. Be3 h5 16. Qd2 a5 17. Rad1 a4 18. b4 Nxd4 19. Bxd4 Be6 20. Nd5 Bxd5 21. cxd5 Qd8 22. Rc1 Rc8 23. h4 Nd7 24. Bxg7 Kxg7 25. Bh3 Ne5 26. Qc3 Qf6 27. f4 Ng4+ 28. Bxg4 hxg4 29. b5 Qxc3 30. Rxc3 Re7 31. b6 c5 32. dxc6 bxc6 33. Rb1 c5 34. Rc4 a3 35. Kg1 f5 36. e5 dxe5 37. fxe5 Rxe5 38. Ra4 Rb8 39. Rxa3 c4 40. Rc3 Re6 41. Rxc4 Rexb6 42. Rbc1 Rb2 43. R4c2 Rxc2 44. Rxc2 Ra8 45. Kf2 Ra3 46. Rb2 Kh6 47. Kg2 Kh5 48. Rc2 g5 49. hxg5 Kxg5 50. Rf2 Ra4 51. Re2 Ra3 52. Rf2 Ra4 53. Re2 Ra3 54. Rf2 1/2-1/2

[Event "MrDodgy Invitational 3"]
[Site "chess24.com INT"]
[Date "2022.11.28"]
[Round "1.3"]
[White "Samuel Sevian"]
[Black "Vincent Keymer"]
[Result "0-1"]
[EventDate "2022.11.27"]
[WhiteElo "2687"]
[BlackElo "2698"]
[PlyCount "84"]

1. e4 c6 2. d4 d5 3. e5 Bf5 4. h4 h5 5. Bd3 Bxd3 6. Qxd3 e6 7. Bg5 Qb6 8. Nd2 c5 9. c4 Qxb2 10. Rb1 Qxd4 11. Qc2 Qxe5+ 12. Ne2 Qc7 13. cxd5 exd5 14. Nf4 Nf6 15. O-O Be7 16. Bxf6 Bxf6 17. Rfe1+ Kf8 18. Nxd5 Qc6 19. Qe4 Nd7 20. Nc4 Bd4 21. Rxb7 Qxb7 22. Qe7+ Kg8 23. Qg5 Nf6 24. Ne7+ Kf8 25. Nd6 Qb2 26. Rf1 Kxe7 27. Nf5+ Kd7 28. Qxg7 Rhf8 29. Qg5 Rae8 30. Qf4 Ne4 31. Ne3 Re6 32. Nc4 Qe2 33. Ne3 Bxe3 34. fxe3 Kc6 35. Qf5 Rfe8 36. Qxf7 R8e7 37. Qf8 Re8 38. Qf7 Ng3 39. Rb1 Qxe3+ 40. Kh2 R8e7 41. Qf8 Re8 42. Qf7 R6e7 0-1

[Event "MrDodgy Invitational 3"]
[Site "chess24.com INT"]
[Date "2022.11.28"]
[Round "1.4"]
[White "Vincent Keymer"]
[Black "Samuel Sevian"]
[Result "0-1"]
[EventDate "2022.11.27"]
[WhiteElo "2698"]
[BlackElo "2687"]
[PlyCount "126"]

1. Nf3 Nf6 2. c4 e6 3. Nc3 d5 4. e3 a6 5. b3 b6 6. g3 Bb7 7. Bg2 Be7 8. Bb2 O-O 9. O-O Nbd7 10. Qe2 Re8 11. cxd5 exd5 12. Rac1 Bd6 13. Rfd1 Qe7 14. Qf1 Qf8 15. Ne2 a5 16. Nfd4 Ba6 17. Nf5 Rac8 18. Nxd6 Qxd6 19. d3 c5 20. Qe1 h6 21. Qd2 Re7 22. Ba3 Ne5 23. Nf4 g5 24. d4 gxf4 25. dxe5 Qxe5 26. gxf4 Qh5 27. Bb2 d4 28. Re1 Ne4 29. Qd1 Qxd1 30. Rexd1 d3 31. Be5 d2 32. Ra1 f6 33. Bxe4 fxe5 34. Rxd2 exf4 35. Bd5+ Kh8 36. exf4 Rd8 37. Rad1 Re2 38. Rxe2 Bxe2 39. Re1 Bd3 40. Bg2 Bf5 41. h3 Kg7 42. Re5 Kf6 43. Be4 Bxe4 44. Rxe4 Rd2 45. a4 Rd3 46. Re3 Rd4 47. Rf3 Kf5 48. Kg2 c4 49. bxc4 Rxc4 50. Rb3 Rb4 51. Rc3 Rxa4 52. Rc6 Rb4 53. Rxh6 a4 54. Rh8 b5 55. Ra8 Rb3 56. h4 Kxf4 57. h5 Kg5 58. f4+ Kxh5 59. Rg8 a3 60. f5 Rb4 61. Kg3 a2 62. Rh8+ Kg5 63. Rh1 Rb1 0-1

[Event "MrDodgy Invitational 3"]
[Site "chess24.com INT"]
[Date "2022.11.28"]
[Round "1.5"]
[White "Samuel Sevian"]
[Black "Vincent Keymer"]
[Result "1-0"]
[EventDate "2022.11.27"]
[WhiteElo "2687"]
[BlackElo "2698"]
[PlyCount "114"]

1. d4 Nf6 2. c4 e6 3. Nc3 Bb4 4. f3 d5 5. a3 Bd6 6. e4 dxe4 7. fxe4 e5 8. d5 O-O 9. Bg5 Nbd7 10. Nf3 a5 11. Be2 Be7 12. Be3 Ng4 13. Bg1 Bc5 14. Qd2 Bxg1 15. Rxg1 Nc5 16. h3 Nf6 17. Qe3 Qe7 18. g4 b6 19. O-O-O Ne8 20. Nd2 Nd6 21. Rdf1 a4 22. Kc2 Bd7 23. h4 f6 24. Kb1 Rab8 25. Rg3 Bc8 26. Rc1 Ba6 27. Rf3 Qe8 28. Rf2 Qg6 29. Ka2 h6 30. Rg1 Ra8 31. Rfg2 Nb3 32. Nxb3 Nxc4 33. Qc1 axb3+ 34. Kxb3 Nd6 35. Qf1 Bc8 36. Bd3 Bd7 37. Rf2 Nb7 38. Ka2 Nc5 39. Bc4 Kh8 40. Qe2 Rab8 41. Bb5 Bxb5 42. Qxb5 Nxe4 43. Nxe4 Qxe4 44. Rc1 Rbd8 45. Rd2 Qf4 46. Rcd1 e4 47. Rd4 Qe5 48. Qe2 Rfe8 49. Qe3 Rd6 50. Rf1 c5 51. Rd2 Rxd5 52. Rf5 Rd3 53. Rxd3 Qe6+ 54. Rdd5 g6 55. Qxh6+ Kg8 56. Qxg6+ Kf8 57. Rxf6+ 1-0

[Event "MrDodgy Invitational 3"]
[Site "chess24.com INT"]
[Date "2022.11.28"]
[Round "1.6"]
[White "Vincent Keymer"]
[Black "Samuel Sevian"]
[Result "0-1"]
[EventDate "2022.11.27"]
[WhiteElo "2698"]
[BlackElo "2687"]
[PlyCount "156"]

1. Nf3 Nf6 2. c4 e6 3. Nc3 d5 4. e3 Bd6 5. b3 O-O 6. Bb2 b6 7. g3 a6 8. Bg2 Bb7 9. O-O Nbd7 10. cxd5 exd5 11. Rc1 Re8 12. Re1 Qe7 13. Re2 Qf8 14. d3 Rac8 15. Rec2 c5 16. d4 c4 17. a4 Bb4 18. Nd2 cxb3 19. Nxb3 g6 20. h3 h5 21. Nd2 Bd6 22. Nf3 Ne4 23. h4 Ndf6 24. Ne5 Nxc3 25. Bxc3 Bb4 26. Bxb4 Qxb4 27. Qf3 Qe7 28. Bh3 Rxc2 29. Rxc2 b5 30. axb5 axb5 31. Qf4 Ba8 32. Ra2 Ne4 33. Ra6 Kg7 34. Bd7 Nc3 35. Qxf7+ Qxf7 36. Nxf7 Rb8 37. Ne5 b4 38. Rxg6+ Kf8 39. Rf6+ Ke7 40. Rf7+ Kd6 41. Bf5 Rb7 42. Rf8 Ra7 43. Rf6+ Kc7 44. Rf7+ Kb6 45. Rf6+ Ka5 46. Nc6+ Bxc6 47. Rxc6 Ne4 48. Rc8 Rb7 49. Ra8+ Kb5 50. Bc8 Rb6 51. Bd7+ Kc4 52. Rc8+ Kd3 53. Ba4 Kd2 54. Bb3 Kd3 55. Rc2 Nc3 56. Rc1 Ra6 57. Re1 Ra3 58. Bxd5 Kd2 59. e4 Kxe1 60. Bc4 Nxe4 61. d5 Nc3 62. d6 Ra7 63. d7 Ra8 64. Be6 Rd8 65. Kg2 b3 66. g4 b2 67. gxh5 b1=Q 68. Bf5 Qb7+ 69. f3 Qc7 70. Bg4 Nb5 71. Kh3 Nd4 72. h6 Qd6 73. h5 Ne2 74. Kh4 Qg3+ 75. Kg5 Qf4+ 76. Kg6 Nd4 77. Kg7 Rxd7+ 78. Kg8 Rd6 0-1

[Event "MrDodgy Invitational 3"]
[Site "chess24.com INT"]
[Date "2022.11.28"]
[Round "1.7"]
[White "Samuel Sevian"]
[Black "Vincent Keymer"]
[Result "1-0"]
[EventDate "2022.11.27"]
[WhiteElo "2687"]
[BlackElo "2698"]
[PlyCount "174"]

1. e4 c6 2. d4 d5 3. e5 Bf5 4. h4 h6 5. g4 Be4 6. f3 Bh7 7. e6 Nf6 8. Bd3 Qd6 9. exf7+ Kxf7 10. Bxh7 Rxh7 11. f4 Qe6+ 12. Ne2 Qxg4 13. Nbc3 e6 14. Be3 Nbd7 15. Bf2 Bb4 16. Rg1 Qh5 17. Qd3 Qf5 18. a3 Qxd3 19. cxd3 Bd6 20. O-O-O h5 21. Bg3 Be7 22. Rge1 Ng4 23. Ng1 Nh6 24. Nf3 Rhh8 25. Re2 Nf5 26. Bf2 Bf6 27. Rde1 Rhe8 28. Rg1 Nf8 29. Ne5+ Bxe5 30. fxe5 Ng6 31. Rh1 Nf4 32. Rd2 Rf8 33. Be1 Kg8 34. Bf2 Rf7 35. Na4 Raf8 36. Kb1 Kh7 37. Ka2 Ng6 38. Nc5 Re8 39. a4 b6 40. Na6 c5 41. dxc5 Nxe5 42. cxb6 axb6 43. Bxb6 Nd7 44. Nc7 Rc8 45. a5 Nxb6 46. axb6 Rb8 47. Nxe6 Rxb6 48. Ng5+ Kg8 49. Nxf7 Kxf7 50. d4 g6 51. b3 Ke7 52. Kb2 Kd7 53. Rf2 Re6 54. Rf4 Re2+ 55. Ka3 Rg2 56. Rhf1 Rh2 57. Rxf5 gxf5 58. Rxf5 Rxh4 59. Rxd5+ Kc6 60. Rc5+ Kb6 61. Rd5 Kc6 62. Rc5+ Kd6 63. Rc8 Rxd4 64. Rh8 Rd5 65. b4 Kc6 66. Ka4 Kb7 67. Rh6 Re5 68. b5 Re4+ 69. Ka5 Re7 70. Rxh5 Rg7 71. Rh6 Ka7 72. Ra6+ Kb7 73. Rb6+ Ka7 74. Rc6 Kb7 75. Rc2 Ka7 76. Rh2 Kb7 77. Rh6 Rf7 78. Rb6+ Ka7 79. Rc6 Kb7 80. Rc5 Ka7 81. b6+ Kb7 82. Kb5 Rg7 83. Rf5 Rf7 84. Rxf7+ Kc8 85. Kc6 Kd8 86. Rc7 Ke8 87. b7 1-0

[Event "MrDodgy Invitational 3"]
[Site "chess24.com INT"]
[Date "2022.11.28"]
[Round "1.8"]
[White "Vincent Keymer"]
[Black "Samuel Sevian"]
[Result "1-0"]
[EventDate "2022.11.27"]
[WhiteElo "2698"]
[BlackElo "2687"]
[PlyCount "30"]

1. Nf3 d5 2. e3 c5 3. d4 Nf6 4. Be2 e6 5. O-O Nc6 6. c3 Qc7 7. Nbd2 b6 8. b3 cxd4 9. cxd4 Bb7 10. Bb2 Bd6 11. Rc1 Rc8 12. Ne5 O-O 13. Bb5 Bxe5 14. dxe5 Qd7 15. exf6 1-0

[Event "MrDodgy Invitational 3"]
[Site "chess24.com INT"]
[Date "2022.11.28"]
[Round "1.9"]
[White "Samuel Sevian"]
[Black "Vincent Keymer"]
[Result "1/2-1/2"]
[EventDate "2022.11.27"]
[WhiteElo "2687"]
[BlackElo "2698"]
[PlyCount "96"]

1. d4 Nf6 2. c4 e6 3. Nf3 d5 4. Nc3 c5 5. cxd5 Nxd5 6. e4 Nxc3 7. bxc3 cxd4 8. cxd4 Bb4+ 9. Bd2 Bxd2+ 10. Qxd2 O-O 11. Rc1 b6 12. Bd3 Bb7 13. O-O Nd7 14. Qf4 h6 15. h4 Rc8 16. Rxc8 Qxc8 17. Rc1 Qb8 18. Qxb8 Rxb8 19. Rc7 Nf6 20. Ne5 Bxe4 21. Bxe4 Nxe4 22. Rxf7 a5 23. Rc7 b5 24. Nc6 Ra8 25. f3 Ng3 26. Ne7+ Kh7 27. Kf2 Nf5 28. Nxf5 exf5 29. d5 b4 30. d6 a4 31. d7 Rd8 32. Ke3 Kg6 33. Rb7 b3 34. axb3 axb3 35. Kf4 b2 36. Rxb2 Rxd7 37. Rb6+ Kh5 38. g3 Rf7 39. Rb1 g5+ 40. hxg5 hxg5+ 41. Ke5 f4 42. Rh1+ Kg6 43. Rg1 fxg3 44. Rxg3 Rf4 45. Rh3 Rh4 46. Rg3 Rf4 47. Rh3 Rh4 48. Rg3 Rf4 1/2-1/2

[Event "MrDodgy Invitational 3"]
[Site "chess24.com INT"]
[Date "2022.11.28"]
[Round "1.10"]
[White "Vincent Keymer"]
[Black "Samuel Sevian"]
[Result "0-1"]
[EventDate "2022.11.27"]
[WhiteElo "2698"]
[BlackElo "2687"]
[PlyCount "116"]

1. Nf3 d5 2. e3 c5 3. d4 cxd4 4. exd4 Nc6 5. c3 Nf6 6. Bb5 a6 7. Bxc6+ bxc6 8. Ne5 Qb6 9. Qb3 Qc7 10. Bf4 Nh5 11. Be3 Rb8 12. Qd1 g6 13. b4 f6 14. Nd3 e5 15. g4 Ng7 16. Qe2 e4 17. Nc5 a5 18. a3 Ne6 19. Nd2 Bd6 20. Ndb3 axb4 21. axb4 O-O 22. Nxe6 Bxe6 23. Nc5 Bc8 24. h3 Qe7 25. Qd2 f5 26. gxf5 Bxf5 27. O-O-O Qf6 28. Bg5 e3 29. Qxe3 Qf7 30. Rhe1 Ra8 31. Kb2 Bxc5 32. Qf4 h6 33. Bxh6 Be7 34. Bxf8 Bxf8 35. h4 Be4 36. Qxf7+ Kxf7 37. f3 Bf5 38. Re3 Bh6 39. Ree1 Bf4 40. Ra1 Rc8 41. Ra7+ Kf6 42. Ra6 Bd7 43. b5 Rb8 44. b6 Bc7 45. Kc2 Rxb6 46. Ra7 Bf5+ 47. Kd2 Bf4+ 48. Ke2 Bg3 49. Rd1 Rb2+ 50. Rd2 Rb3 51. Rda2 Bxh4 52. Kd2 Bg5+ 53. Ke2 Rxc3 54. Rc7 Bf4 55. Raa7 Rc2+ 56. Kd1 Bd3 57. Rf7+ Kg5 58. Rae7 Rc1# 0-1

[Event "MrDodgy Invitational 3"]
[Site "chess24.com INT"]
[Date "2022.11.28"]
[Round "1.11"]
[White "Samuel Sevian"]
[Black "Vincent Keymer"]
[Result "1-0"]
[EventDate "2022.11.27"]
[WhiteElo "2687"]
[BlackElo "2698"]
[PlyCount "132"]

1. d4 Nf6 2. c4 e6 3. Nf3 d5 4. Nc3 c6 5. cxd5 exd5 6. Qc2 g6 7. Bg5 Be7 8. e4 dxe4 9. Bxf6 Bxf6 10. Qxe4+ Kf8 11. Bc4 Kg7 12. O-O Re8 13. Qf4 Nd7 14. Ne4 Nb6 15. Bb3 Be6 16. Bxe6 Rxe6 17. Nc5 Re7 18. Rfe1 Nd5 19. Qd2 Qb6 20. Ne4 Rae8 21. Nxf6 Nxf6 22. b3 Re4 23. Rxe4 Nxe4 24. Qb2 Nf6 25. Qd2 a5 26. Re1 Rxe1+ 27. Qxe1 Qb5 28. Qe7 Qb4 29. Qe5 h6 30. h3 a4 31. bxa4 Qxa4 32. Qe2 Qb4 33. g3 Qd6 34. Kg2 Nd5 35. a4 Qe7 36. Qd1 Qe4 37. Qb3 Qe2 38. Ne5 Qe4+ 39. Qf3 Qxf3+ 40. Kxf3 Kf6 41. a5 Ke6 42. Nd3 Kd6 43. Nc5 Kc7 44. Ke4 f6 45. Ne6+ Kb8 46. Nf8 Ne7 47. Nd7+ Ka7 48. Nxf6 Ka6 49. g4 Kxa5 50. f4 b5 51. Nd7 b4 52. Nc5 Kb5 53. f5 gxf5+ 54. gxf5 Nd5 55. Kd3 Nf6 56. h4 Nd5 57. Ne4 b3 58. f6 Nf4+ 59. Ke3 Nd5+ 60. Kd3 Ka4 61. f7 Nf4+ 62. Kd2 Ne6 63. Nc5+ Nxc5 64. dxc5 b2 65. Kc2 Ka3 66. Kb1 1-0

[Event "MrDodgy Invitational 3"]
[Site "chess24.com INT"]
[Date "2022.11.25"]
[Round "1.3"]
[White "Vincent Keymer"]
[Black "Simon K Williams"]
[Result "1-0"]
[EventDate "2022.11.25"]
[WhiteElo "2698"]
[BlackElo "2467"]
[PlyCount "66"]

1. Nf3 f5 2. d4 e6 3. g3 Nf6 4. Bg2 Be7 5. O-O O-O 6. c4 d6 7. Nc3 Ne4 8. Bd2 Nc6 9. Qc2 Nxd2 10. Qxd2 e5 11. e3 g5 12. dxe5 dxe5 13. Qd5+ Rf7 14. Rad1 e4 15. Nd4 Qxd5 16. cxd5 Nxd4 17. Rxd4 Bd7 18. g4 fxg4 19. Nxe4 Bf5 20. Rc1 Bxe4 21. Rxe4 Bf6 22. Rxg4 Bxb2 23. Rxg5+ Kh8 24. Rb1 Bf6 25. Rf5 Rb8 26. Rb4 Rff8 27. Rc4 Rbc8 28. Bh3 Rg8+ 29. Kf1 Be7 30. Rf7 Rce8 31. Rxc7 Rg7 32. Rxg7 Kxg7 33. d6 1-0

[Event "MrDodgy Invitational 3"]
[Site "chess24.com INT"]
[Date "2022.11.25"]
[Round "2.7"]
[White "Kamil Plichta"]
[Black "Vincent Keymer"]
[Result "0-1"]
[EventDate "2022.11.25"]
[WhiteElo "2394"]
[BlackElo "2698"]
[PlyCount "140"]

1. d4 Nf6 2. Bg5 d5 3. Bxf6 gxf6 4. e3 c5 5. dxc5 e6 6. Nf3 Bxc5 7. Be2 Nc6 8. O-O f5 9. c4 dxc4 10. Qc2 Be7 11. Qxc4 Bf6 12. Nc3 O-O 13. Rfd1 Qe7 14. Qf4 b6 15. e4 fxe4 16. Qxe4 Bb7 17. Bd3 Rfd8 18. Qxh7+ Kf8 19. Be4 Qb4 20. Bg6 Qe7 21. Be4 Qb4 22. Bg6 Qe7 23. Qh6+ Bg7 24. Qf4 e5 25. Qf5 Nd4 26. Nxd4 exd4 27. Re1 Qd7 28. Ne4 d3 29. Qxd7 Rxd7 30. Bf5 Rd5 31. Ng3 Bxb2 32. Rad1 Rad8 33. Be4 d2 34. Re2 Rc5 35. Rexd2 Rxd2 36. Rxd2 Rc1+ 37. Nf1 Bxe4 38. Rxb2 Bd3 39. h4 Bxf1 40. Kh2 Bc4 41. Rd2 b5 42. h5 Kg7 43. g4 Ra1 44. Kg3 Rxa2 45. Rd6 Ra3+ 46. f3 Be2 47. g5 Rxf3+ 48. Kh4 Rf1 49. Ra6 Rh1+ 50. Kg3 Rxh5 51. Rxa7 Rxg5+ 52. Kf4 Rg6 53. Rb7 Bc4 54. Ke5 Rf6 55. Ke4 Re6+ 56. Kd4 Kg6 57. Kc5 f5 58. Rb8 f4 59. Rf8 Rf6 60. Rd8 Kf5 61. Kd4 f3 62. Ke3 Kg4 63. Kf2 Kf4 64. Rd4+ Ke5 65. Rd8 Bd5 66. Re8+ Kd4 67. Rb8 Kc4 68. Rc8+ Bc6 69. Rh8 b4 70. Rh6 Rxh6 0-1